000
00274nam a22001217a 4500
008
170713b xxu||||| |||| 00| 0 eng d
041
_a
eng
080
_a
1(091)
100
_a
24
101
_a
FJA
245
_a
A HISTORY OF MODERN PHILOSOPHY
_c
HOFFDING, H
942
_2
udc
_c
BK
999
_c
20460
_d
20460